000 00234nam a22000857a 4500
008 160706b xxu||||| |||| 00| 0 eng d
100 _92339
_a Dandwal, P., et al
245 _aIdare!' Kiran Bedi: A Biography
260 _aNew Delhi
_bUBS
_c1995
999 _c2016
_d2016